Fifth Water Quality Monitoring Report 2005-06 / (Record no. 617247)

000 -LEADER
fixed length control field 00479nam a22001697a 4500
003 - CONTROL NUMBER IDENTIFIER
control field NUST
005 - DATE AND TIME OF LATEST TRANSACTION
control field 20260427165001.0
008 - FIXED-LENGTH DATA ELEMENTS--GENERAL INFORMATION
fixed length control field 260427b ||||| |||| 00| 0 eng d
020 ## - INTERNATIONAL STANDARD BOOK NUMBER
International Standard Book Number 978-969-8469-18-4
082 ## - DEWEY DECIMAL CLASSIFICATION NUMBER
Classification number 628.1
Author Mark AKR
100 ## - MAIN ENTRY--PERSONAL NAME
Personal name Muhammad Akram Kahlown.
9 (RLIN) 134276
245 ## - TITLE STATEMENT
Title Fifth Water Quality Monitoring Report 2005-06 /
Statement of responsibility, etc. Muhammad Akram Kahlown.
260 ## - PUBLICATION, DISTRIBUTION, ETC.
Place of publication, distribution, etc. Pakistan:
Name of publisher, distributor, etc. PCRWR,
Date of publication, distribution, etc. 2008.
300 ## - PHYSICAL DESCRIPTION
Extent 289 p ;
Dimensions 35.00 cm
563 ## - BINDING INFORMATION
Binding note paperback
942 ## - ADDED ENTRY ELEMENTS (KOHA)
Source of classification or shelving scheme
Koha item type Book
Holdings
Withdrawn status Lost status Source of classification or shelving scheme Damaged status Not for loan Permanent Location Current Location Date acquired Total Checkouts Full call number Barcode Date last seen Price effective from Koha item type
          Institute of Geographical Information Systems (IGIS) Institute of Geographical Information Systems (IGIS) 04/27/2026   628.1 AKR IGIS-266 04/27/2026 04/27/2026 Book
© 2023 Central Library, National University of Sciences and Technology. All Rights Reserved.